000 00918nam a2200217 a 4500
001 22135
003 CO-ViMGA
008 141112s2004 ck r 000 u spa d
020 _a8483223309
040 _aCO-ViMGA
_bspa
_cCO-ViMGA
082 0 4 _a372.878 P172d
100 1 _aPascual Mejía, Pilar
_931489
245 1 0 _aDidáctica de la Música
260 _aMadrid :
_bPearson Educación,
_c2006
300 _a311p
490 _aDidáctica Preescolar
505 _aEl universo de la música 1 - - Fundamentación Psicopedagógica 47 - - Metodología de la enseñanza de la música en la educación infantil 105 - - Análisis de los contenidos específicos de la educación musical en educación infantil 159
590 _aForma de adquisición : Compra - - Precio : 62.000 - - Proveedor : Bernalibros - - Fecha de adquisición : Octubre 2007
650 1 4 _aMÚSICA - ENSEÑANZA ELEMENTAL
_931490
942 _2ddc
_cBK
999 _c30571
_d30571